All foreign players Newcastle United - Statistics

General Stats
  • This quiz has been taken 46 times
  • The average score is 62 of 168
Answer Stats
Hint Answer % Correct
Demba Ba
89%
Miguel Almirón
89%
Papiss Demba Cissé
89%
Alexander Isak
86%
Bruno Guimarães
86%
Joelinton
86%
Sandro Tonali
86%
Yohan Cabaye
86%
Fabricio Coloccini
82%
Martin Dúbravka
79%
Fabian Schär
75%
Cheick Tioté
71%
DeAndre Yedlin
71%
Emil Krafth
71%
Georginio Wijnaldum
71%
Moussa Sissoko
71%
Sung-Yueng Ki
71%
Sven Botman
71%
Tim Krul
71%
Ayoze Pérez
68%
David Ginola
68%
Hatem Ben Arfa
68%
Faustino Asprilla
64%
Jonás Gutiérrez
64%
Lionel Perez
64%
Manquillo
64%
Daryl Janmaat
61%
Luuk De Jong
61%
Philippe Albert
61%
Shola Ameobi
61%
Siem De Jong
61%
Allan Saint-Maximin
57%
Christian Atsu
57%
Davide Santon
57%
Federico Fernández
57%
Loïc Rémy
57%
Pavel Srníček
57%
Vurnon Anita
57%
Aleksandar Mitrović
54%
Chancel Mbemba
54%
Gabriel Obertan
54%
Laurent Robert
54%
Nolberto Solano
54%
Shaka Hislop
54%
Achraf Lazaar
50%
Jean-Alain Boumsong
50%
Kenedy
50%
Nikolaos Dabizas
50%
Patrick Kluivert
50%
Yoshinori Mutō
50%
Dietmar Hamann
46%
José Enrique
46%
Joselu
46%
Mark Viduka
46%
Mathieu Debuchy
46%
Momo Diamé
46%
Rémy Cabella
46%
Yoan Gouffran
46%
Celestine Babayaro
43%
Chris Wood
43%
Florian Thauvin
43%
Jon Dahl Tomasson
43%
Mapou Yanga-Mbiwa
43%
Mikel Merino
43%
Obafemi Martins
43%
Salomón Rondón
43%
Andreas Andersson
39%
Henri Saivet
39%
Lomana LuaLua
39%
Loris Karius
39%
Rolando Aarons
39%
Sébastien Bassong
39%
Valentino Lazaro
39%
Florian Lejeune
36%
Giuseppe Rossi
36%
Jetro Willems
36%
Luque
36%
Mirandinha
36%
Nabil Bentaleb
36%
Peter Løvenkrands
36%
Temur Ketsbaia
36%
Xisco
36%
Alessandro Pistone
32%
Charles N'Zogbia
32%
Craig Moore
32%
Emmanuel Rivière
32%
Haris Vučkić
32%
Hugo Viana
32%
Islam Slimani
32%
Olivier Bernard
32%
Shefki Kuqi
32%
Sylvain Marveaux
32%
Yankuba Minteh
32%
Abdoulaye Faye
29%
Amdy Faye
29%
Caçapa
29%
Clarence Acuña
29%
Curtis Good
29%
David Edgar
29%
David Rozehnal
29%
Gaël Bigirimana
29%
Marc Hottiger
29%
Matz Sels
29%
Oguchi Onyewu
29%
Seydou Doumbia
29%
Stéphane Guivarc'h
29%
Carl Cort
25%
Carlos Gonzalez
25%
Christian Bassedas
25%
Habib Beye
25%
Ignacio González
25%
Jesús Gámez
25%
Louis Saha
25%
Marcelino
25%
Mehdi Abeid
25%
Patrick Van Aanholt
25%
Sylvain Distin
25%
Antoine Sibierski
21%
Antonio Barreca
21%
Didier Domi
21%
Diego Gavilán
21%
Massadio Haïdara
21%
Matty Pattison
21%
Ronny Johnsen
21%
Daniel Cordone
18%
Eduard Robledo
18%
Elias Sørensen
18%
Facundo Ferreyra
18%
Garang Kuol
18%
Giorgos Charalampos Georgiadis
18%
Hélder
18%
Jorge Robledo
18%
Nikodimos Papavasiliou
18%
Romain Amalfitano
18%
Silvio Marić
18%
Tamás Kádár
18%
Fabrice Pancrate
14%
Franck Dumas
14%
Frank Pingel
14%
Fumaca
14%
Kevin Mbabu
14%
Lamine Diatta
14%
Laurent Charvet
14%
Bjørn Kristensen
11%
Brian Pinas
11%
Geremi Njitap
11%
John Karelse
11%
Olivier Kemen
11%
Zurab Khizanishvili
11%
Anthony Cunningham
7%
Benny Arentoft
7%
Bjarni Guðjónsson
7%
Brad Inman
7%
David Mitchell
7%
Ľubomír Šatka
7%
Andrew Parkinson
4%
Arnold Woollard
4%
Calvin Zola
4%
David Terrier
4%
Edwin Dutton
4%
Emre Blözoğlu
4%
Frank Wiafe
4%
James Troisi
4%
Lucas Cominelli
4%
Ole Söderberg
4%
Pablo Bonvín
4%
Ralf Keidel
4%
Tony Whitson
4%
No matching quizzes found
Score Distribution
Percent of People with Each Score
Percentile by Number Answered
Your Score History
You have not taken this quiz